Ako merať výkonnosť v oblasti manažérstva kvality

Ukazovatele merania výkonnosti manažérstva kvality. Ukazovatele musia vyhovovať hlavne cieľom, ktoré si firma vytýčila a povahe/charakteru výrobku alebo procesu samotnému. Ukazovatele používané Lean Six Sigma - pravdepodobnosť výrobku bez chýb, množstvo bezchybných výrobkov/množstvo všetkých výrobko...

Full description

Saved in:
Bibliographic Details
Main Author: Šesták, Milan
Format: Book Chapter
Language:Slovak
Subjects:
Tags: Add Tag
No Tags, Be the first to tag this record!

MARC

LEADER 00000naa$a2200000$$$4500
001 0047741
005 20231011135132.3
041 0 |a slo 
044 |a SK 
245 1 0 |a Ako merať výkonnosť v oblasti manažérstva kvality  |c Milan Šesták 
520 |a Ukazovatele merania výkonnosti manažérstva kvality. Ukazovatele musia vyhovovať hlavne cieľom, ktoré si firma vytýčila a povahe/charakteru výrobku alebo procesu samotnému. Ukazovatele používané Lean Six Sigma - pravdepodobnosť výrobku bez chýb, množstvo bezchybných výrobkov/množstvo všetkých výrobkov, počet chýb na vyrobenú jednotku, množstvo chýb na milión príležitostí. 
610 2 0 |a riadenie kvality 
610 2 0 |a výkonnosť 
610 2 0 |a ukazovatele 
610 2 0 |a manažment štíhly 
100 1 |a Šesták, Milan